000 00211nam a2200109Ia 4500
100 _aNARAIN LAXMI
942 _cBK
245 _aPRINCPLES & PRACTICE OF----
260 _b#N/A
546 _aENGLISH
999 _c33826
_d33826